| 000 | 00363pam a2200157 a 4500 | ||
|---|---|---|---|
| 020 | _c | ||
| 041 | _aeng | ||
| 082 |
_a005 _bSRI |
||
| 100 | _aSrinath L.S. | ||
| 245 |
_aPert and CPM _hTextual Documents |
||
| 250 | _a1996. | ||
| 260 |
_aNew Delhi: _bEast-West Press. |
||
| 300 | _a202 Pages. | ||
| 653 | _aComputer programming, programs & data | ||
| 930 | _a3533 | ||
| 999 |
_c80453 _d80453 |
||